Every Country with an Olympic Medal: Basketball - Statistics

General Stats
  • This quiz has been taken 47 times
    21 since last reset
  • The average score is 25 of 33
Answer Stats
Sport # of Medals Country % Correct
Basketball 7 France
100%
Basketball (3x3) 1 France
100%
Basketball 5 Spain
100%
Basketball (3x3) 1 Spain
100%
Basketball 1 Canada
95%
Basketball 2 China
95%
Basketball (3x3) 1 China
95%
Basketball 1 Mexico
95%
Basketball 32 USA
95%
Basketball (3x3) 2 USA
95%
Basketball 2 Argentina
90%
Basketball (3x3) 1 Germany
90%
Basketball 2 Italy
90%
Basketball 3 Russia
90%
Basketball 3 Serbia
90%
Basketball (3x3) 1 Serbia
90%
Basketball 7 Australia
85%
Basketball 5 Brazil
85%
Basketball 1 Japan
85%
Basketball 12 Soviet Union
85%
Basketball 3 Lithuania
80%
Basketball (3x3) 1 Lithuania
80%
Basketball 1 Croatia
75%
Basketball 7 Yugoslavia
75%
Basketball (3x3) 1 Latvia
65%
Basketball (3x3) 1 Netherlands
60%
Basketball 1 South Korea
60%
Basketball 1 Cuba
50%
Basketball 2 Bulgaria
45%
Basketball 2 Uruguay
45%
Basketball 1 Unified Team
15%
Basketball (3x3) 2 Russian Olympic Committee
10%
Basketball 1 Serbia and Montenegro
5%
No matching quizzes found
Score Distribution
Percent of People with Each Score
Percentile by Number Answered
Your Score History
You have not taken this quiz since the last reset